000 00578nam a22001817a 4500
003 OSt
005 20140310181752.0
008 130627t xxu||||| |||| 00| 0 eng d
050 _aQA 303
_b.R173 1981
082 _aFIL 515.2
_bR145 1981
100 _aRamirez, Rosario A.
245 _aEssential calculus with applications /
_cRosario A. Ramirez, Margaret L. Lial and Charles D. Miller.
260 _aSan Juan, Metro Manila :
_bAcademe Publishing House,
_c1981.
300 _axiv, 379 p. :
_c25 cm.
650 _aMathematics
_xCalculus
942 _2lcc
_cBK
999 _c3257
_d3257